Gute Handelspolitik geht nur mit sozialstandards /
Guardat en:
| Autor principal: | |
|---|---|
| Format: | Text |
| Etiquetes: |
Afegir etiqueta
Sense etiquetes, Sigues el primer a etiquetar aquest registre!
|
MARC
| LEADER | 00000 a a2200000 04500 | ||
|---|---|---|---|
| 001 | 47950 | ||
| 003 | |||
| 040 | |||
| 100 | |a Wötzel, Uwe | ||
| 245 | |a Gute Handelspolitik geht nur mit sozialstandards / |c Uwe Wötzel | ||
| 773 | |g número10, (2014), páginas 19-22 | ||
| 999 | |c 30010 |d 30010 | ||
